Từ 11 đến 12 tuổi

Zapisane w:
Opis bibliograficzny
1. autor: Nguyễn, Hạnh
Format: Książka
Język:Undetermined
Wydane: Thành phố Hồ Chí Minh Trẻ 2004
Hasła przedmiotowe:
Etykiety: Dodaj etykietę
Nie ma etykietki, Dołącz pierwszą etykiete!
Thư viện lưu trữ: Trung tâm Học liệu Trường Đại học Cần Thơ
LEADER 00544nam a2200193Ia 4500
001 CTU_64890
008 210402s9999 xx 000 0 und d
020 |c 15000 
082 |a 153.93 
082 |b H107 
100 |a Nguyễn, Hạnh 
245 0 |a Từ 11 đến 12 tuổi 
245 0 |c Nguyễn Hạnh, Nguyễn Hải Linh 
260 |a Thành phố Hồ Chí Minh 
260 |b Trẻ 
260 |c 2004 
650 |a Intelligence tests 
904 |i Minh,Hải 
980 |a Trung tâm Học liệu Trường Đại học Cần Thơ